[Event "Leipzig VfB op 23rd"]
[Site "Leipzig"]
[Date "2016.03.16"]
[Round "3"]
[White "Diez, Tobias"]
[Black "Wunderlich, Matthias"]
[Result "1-0"]
[WhiteElo "1684"]
[BlackElo "1742"]
[PlyCount "67"]
[EventDate "2016.03.15"]
[EventType "swiss"]
[EventRounds "9"]
[EventCountry "GER"]
[SourceTitle "EXT 2017"]
[Source "ChessBase"]
[SourceDate "2016.10.25"]
[SourceVersion "1"]
[SourceVersionDate "2016.10.25"]
[SourceQuality "1"]

1. d4 d6 2. Nf3 g6 3. c4 Bg7 4. Nc3 Nf6 5. e4 c5 6. d5 0-0 7. h3 e6 8. Bf4 exd5 9. exd5 Re8+ 10. Be2 a6 11. Nd2 b5 12. 0-0 Bb7 13. Bf3 Qb6 14. Qb3 Nbd7 15. cxb5 axb5 16. Qxb5 Nxd5 17. Qxd7 Nxf4 18. Nc4 Qb4 19. Bxb7 Rab8 20. Nxd6 Red8 21. Qxf7+ Kh8 22. Nce4 Be5 23. Nf6 Bxf6 24. Qxf6+ Kg8 25. Rad1 Rf8 26. Qe7 c4 27. g3 Rbe8 28. Qc7 Ne6 29. Bd5 Kh8 30. Nf7+ Kg8 31. Ng5 Rf6 32. Qxh7+ Kf8 33. Nxe6+ Rfxe6 34. Bxe6 1-0

[Event "Leipzig VfB op 23rd"]
[Site "Leipzig"]
[Date "2016.03.16"]
[Round "2"]
[White "Herfurth, Thomas"]
[Black "Diez, Tobias"]
[Result "1-0"]
[WhiteElo "1899"]
[BlackElo "1684"]
[PlyCount "35"]
[EventDate "2016.03.15"]
[EventType "swiss"]
[EventRounds "9"]
[EventCountry "GER"]
[SourceTitle "EXT 2017"]
[Source "ChessBase"]
[SourceDate "2016.10.25"]
[SourceVersion "1"]
[SourceVersionDate "2016.10.25"]
[SourceQuality "1"]

1. Nc3 d5 2. e4 d4 3. Nce2 c5 4. Ng3 Nc6 5. Nf3 g6 6. Bc4 Nf6 7. 0-0 Bg7 8. Ng5 0-0 9. f4 e5 10. d3 a6 11. a3 Qc7 12. f5 Ne7 13. fxg6 Nxg6 14. Nh5 Qe7 15. Nxf6+ Bxf6 16. Nxh7 Kxh7 17. Qh5+ Kg7 18. Bh6+ 1-0

[Event "Sachsen-ch U18"]
[Site "Sebnitz"]
[Date "2006.04.18"]
[Round "2"]
[White "Jahr, Eric"]
[Black "Diez, Tobias"]
[Result "1-0"]
[WhiteElo "1730"]
[BlackElo "1577"]
[PlyCount "79"]
[EventDate "2006.04.18"]
[EventType "swiss"]
[EventRounds "7"]
[EventCountry "GER"]
[SourceTitle "EXT 2007"]
[Source "ChessBase"]
[SourceDate "2006.11.23"]
[SourceVersion "1"]
[SourceVersionDate "2006.11.23"]
[SourceQuality "1"]

1. e4 c5 2. Nf3 Nc6 3. d4 cxd4 4. Nxd4 Nf6 5. Nc3 e6 6. Ndb5 Bb4 7. a3 Bxc3+ 8. Nxc3 0-0 9. Bg5 a6 10. Qd6 h6 11. Bh4 Nxe4 12. Qf4 Ng5 13. 0-0-0 Qa5 14. Rd6 Ne7 15. Bxg5 hxg5 16. Qf3 Qf5 17. Qg3 Qc5 18. Ne4 Qc7 19. Qxg5 f6 20. Qc5 Qb8 21. Ng3 Nd5 22. Nf5 g6 23. Rxd5 exd5 24. Ne7+ Kg7 25. Nxg6 d6 26. Qxd5 Kxg6 27. Bd3+ Kg7 28. Qh5 Rf7 29. Re1 f5 30. Re8 Qc7 31. Qh8+ Kg6 32. g4 Rg7 33. Qh5+ Kf6 34. g5+ Rxg5 35. Rf8+ Ke5 36. Qxg5 Kd4 37. Bxf5 Bxf5 38. Qd2+ Ke5 39. Rxa8 Qg7 40. Qc3+ 1-0

[Event "Leipzig VfB op 12th"]
[Site "Leipzig"]
[Date "2005.03.06"]
[Round "9"]
[White "Diez, Tobias"]
[Black "Boehme, Sebastian"]
[Result "1-0"]
[WhiteElo "1395"]
[BlackElo "1503"]
[PlyCount "93"]
[EventDate "2005.01.03"]
[EventType "swiss"]
[EventRounds "9"]
[EventCountry "GER"]
[SourceTitle "EXT 2008"]
[Source "ChessBase"]
[SourceDate "2007.11.25"]
[SourceVersion "1"]
[SourceVersionDate "2007.11.25"]
[SourceQuality "1"]

1. d4 d5 2. c4 e6 3. Nc3 Be7 4. Nf3 Nf6 5. Bf4 c6 6. e3 Nbd7 7. Be2 0-0 8. 0-0 dxc4 9. Bxc4 b5 10. Bd3 Bb7 11. a3 a6 12. b4 Nd5 13. Nxd5 cxd5 14. Rc1 Rc8 15. Qd2 Nb6 16. Rxc8 Qxc8 17. Rc1 Nc4 18. Qe2 Qa8 19. Ra1 Qd8 20. Qc2 h6 21. Nd2 Nxd2 22. Qxd2 Qd7 23. Rc1 Rc8 24. Rc3 Rxc3 25. Qxc3 Qc6 26. Qxc6 Bxc6 27. f3 Kf8 28. g4 f6 29. Kg2 a5 30. bxa5 Bxa3 31. a6 b4 32. Bd6+ Kf7 33. Kf2 g6 34. Ke2 f5 35. Kd2 Kf6 36. h4 Ba4 37. a7 Bc6 38. Bf4 g5 39. Be5+ Kf7 40. hxg5 hxg5 41. gxf5 exf5 42. Bxf5 Ba8 43. e4 b3 44. exd5 b2 45. Kc2 Bb4 46. Be4 Ba5 47. d6 1-0

[Event "Leipzig VfB op 12th"]
[Site "Leipzig"]
[Date "2005.03.02"]
[Round "3"]
[White "Diez, Tobias"]
[Black "Lehmann, Peter"]
[Result "1-0"]
[WhiteElo "1395"]
[BlackElo "1939"]
[PlyCount "79"]
[EventDate "2005.01.03"]
[EventType "swiss"]
[EventRounds "9"]
[EventCountry "GER"]
[SourceTitle "EXT 2008"]
[Source "ChessBase"]
[SourceDate "2007.11.25"]
[SourceVersion "1"]
[SourceVersionDate "2007.11.25"]
[SourceQuality "1"]

1. d4 d5 2. c4 e5 3. dxe5 d4 4. a3 Nc6 5. Nf3 Bg4 6. Nbd2 Qe7 7. g3 0-0-0 8. Bg2 h5 9. b4 d3 10. Bb2 f6 11. Nh4 dxe2 12. Qa4 Nxe5 13. Bxe5 Qxe5 14. Ra2 Rxd2 15. Kxd2 Qd4+ 16. Kc1 Qc3+ 17. Rc2 Qa1+ 18. Kd2 Qd4+ 19. Kc1 Qa1+ 20. Kd2 Qd1+ 21. Rxd1 exd1Q+ 22. Kc3 Qe1+ 23. Rd2 Bd6 24. Qxa7 Bd1 25. Qxb7+ Kd7 26. Qc6+ Ke7 27. Ng6+ Kf7 28. Nxh8+ Ke7 29. Qe4+ Be5+ 30. Kd3 Be2+ 31. Qxe2 Qb1+ 32. Ke3 Nh6 33. Ng6+ Qxg6 34. f3 Nf5+ 35. Kf2 Kf7 36. c5 Bd4+ 37. Ke1 Bc3 38. Qc4+ Kf8 39. Qxc3 Ne7 40. Rd8+ 1-0

[Event "Leipzig VfB op 12th"]
[Site "Leipzig"]
[Date "2005.03.01"]
[Round "1"]
[White "Diez, Tobias"]
[Black "Franke, Helmut"]
[Result "1/2-1/2"]
[WhiteElo "1395"]
[BlackElo "2032"]
[PlyCount "58"]
[EventDate "2005.01.03"]
[EventType "swiss"]
[EventRounds "9"]
[EventCountry "GER"]
[SourceTitle "EXT 2008"]
[Source "ChessBase"]
[SourceDate "2007.11.25"]
[SourceVersion "1"]
[SourceVersionDate "2007.11.25"]
[SourceQuality "1"]

1. d4 d5 2. c4 c6 3. Nc3 e6 4. Nf3 f5 5. g3 Nf6 6. Bg2 Be7 7. Bd2 0-0 8. c5 Ne4 9. Ne5 Nd7 10. Nxd7 Qxd7 11. Nxe4 fxe4 12. Bf4 b6 13. b4 a5 14. a3 Ba6 15. 0-0 bxc5 16. bxc5 a4 17. Re1 Bb5 18. f3 Bf6 19. fxe4 dxe4 20. Bd6 Be7 21. Bxe7 Qxe7 22. Bxe4 Qg5 23. e3 Rf6 24. Bd3 Raf8 25. Bxb5 cxb5 26. Qd3 Rf3 27. Re2 Qf6 28. Ree1 Qg5 29. Rab1 Rxg3+ 1/2-1/2